| 000 | 00585cam a22001934a 4500 | ||
|---|---|---|---|
| 082 | 0 | 0 |
_a519 _bSPI _cN-01, P-145 |
| 100 | 1 |
_aSpiegel, Murray R. _951 |
|
| 245 | 1 | 0 |
_aTheory and problems of statistics _cMurray R. Spiegel ; |
| 250 | _a3rd ed. | ||
| 260 |
_aRawalpindi _bMarshal Printing press |
||
| 300 |
_ai-xvii, 538 p. : _bill. ; _c22 cm. |
||
| 490 | 1 | _aSchaum's outline series | |
| 500 | _aIncludes index. | ||
| 526 |
_a0 _b1 _c0 _d519_000000000000000_SPI |
||
| 650 | 0 |
_aMathematical statistics _961 |
|
| 650 | 0 |
_aMCE _9379 |
|
| 700 | 1 |
_aLarry j. stephens _939646 |
|
| 942 |
_2ddc _cBK |
||
| 999 |
_c544100 _d544100 |
||